000
00331nam a2200133Ia 4500
008
240624s9999 xx 000 0 und d
041
_a
eng
082
_a
362.103 HEN
100
_a
HENDERSON JAMES W
245
_a
HEALTH ECONOMICS POLICY
250
_a
(3rd ed.)
260
_c
2007
_a
Western,2007
300
_a
xx, : 473 : p. : cm. ; 25
999
_c
8641
_d
8641